| 000 | 00471 a2200181 4500 | ||
|---|---|---|---|
| 003 | NUST | ||
| 020 | _a185326489 | ||
| 038 | _aA | ||
| 082 | _a082 | ||
| 100 |
_a Robertson, Connie _981585 |
||
| 245 |
_a The Wordsworth Dictionary of Quotations _cConnie Robertson |
||
| 250 | _a3rd ed | ||
| 260 |
_aGreat Britain: _bWordsworth Editions Ltd, _c1998. |
||
| 300 |
_av, 669 p. : ; _bill. _c 24 cm. |
||
| 500 | _aIncludes Index | ||
| 563 | _aP.B | ||
| 942 |
_cBK _k082.20 ROB _2ddc |
||
| 999 |
_c7042 _d7042 |
||